1912年以来中国存在过的所有一级行政区 - Statistics

General Stats
  • This quiz has been taken 409 times
    78 since last reset
  • The average score is 114 of 160
Answer Stats
政权 存续时间 行政区名 % Correct
共和国 1949 - 北京市
97%
民国 1939 - 1949 重庆市
95%
共和国 1949 - 1954, 1997 - 重庆市
95%
民国 1912 - 1948 吉林省
94%
民国 1912 - 1949 河南省
94%
民国 1912 - 1949 山东省
94%
民国 1912 - 1949 新疆省
94%
民国 1914 - 1928 热河特别区
94%
民国 1928 - 1948 热河省
94%
共和国 1945 - 吉林省
94%
共和国 1945 - 1955 热河省
94%
共和国 1949 - 河南省
94%
共和国 1949 - 山东省
94%
共和国 1949 - 1955 新疆省
94%
共和国 1955 - 新疆维吾尔自治区
94%
民国 1912 - 1949 广西省
92%
民国 1912 - 1949 贵州省
92%
民国 1912 - 1949 湖北省
92%
民国 1912 - 1949 湖南省
92%
民国 1912 - 1949 江西省
92%
民国 1912 - 1949 山西省
92%
民国 1912 - 1950 广东省
92%
民国 1912 - 1950 四川省
92%
民国 1912 - 1951 西藏地方
92%
民国 1912 - 2018 福建省
92%
共和国 1947 - 内蒙古自治区
92%
共和国 1949 - 福建省
92%
共和国 1949 - 广东省
92%
共和国 1949 - 贵州省
92%
共和国 1949 - 湖北省
92%
共和国 1949 - 湖南省
92%
共和国 1949 - 江西省
92%
共和国 1949 - 山西省
92%
共和国 1950 - 1958 广西省
92%
共和国 1951 - 1965 西藏地方
92%
共和国 1952 - 四川省
92%
共和国 1958 - 广西壮族自治区
92%
共和国 1965 - 西藏自治区
92%
民国 1912 - 1928 青海地方
90%
民国 1912 - 1948 黑龙江省
90%
民国 1912 - 1949 陕西省
90%
民国 1912 - 1950 江苏省
90%
民国 1912 - 1951 云南省
90%
民国 1914 - 1928 察哈尔特别区
90%
民国 1928 - 1948 察哈尔省
90%
民国 1928 - 1949 河北省
90%
民国 1928 - 1949 青海省
90%
民国 1929 - 1949 辽宁省
90%
民国 1929 - 1949 宁夏省
90%
共和国 1947 - 黑龙江省
90%
共和国 1948 - 1952 察哈尔省
90%
共和国 1949 - 河北省
90%
共和国 1949 - 青海省
90%
共和国 1949 - 1954 宁夏省
90%
共和国 1950 - 云南省
90%
共和国 1950 - 陕西省
90%
共和国 1952 - 江苏省
90%
共和国 1954 - 辽宁省
90%
共和国 1958 - 宁夏回族自治区
90%
共和国 1997 - 香港特别行政区
90%
共和国 1999 - 澳门特别行政区
90%
民国 1912 - 1949 安徽省
89%
民国 1912 - 1949 甘肃省
89%
民国 1927 - 1949 上海市
89%
民国 1928 - 1930, 1935 - 1949 天津市
89%
民国 1945 - 2018 台湾省
89%
共和国 1949 - 甘肃省
89%
共和国 1949 - 台湾省
89%
共和国 1949 - 1958, 1967 - 天津市
89%
共和国 1952 - 安徽省
89%
民国 1949 - 1950 海南特别行政区
87%
共和国 1988 - 海南省
87%
民国 1912 - 1955 浙江省
85%
共和国 1949 - 浙江省
85%
民国 1912 南京府
81%
民国 1927 - 1949 南京市
81%
民国 1967 - 台北市
81%
共和国 1949 - 1952 南京市
81%
民国 1935 - 1939 西康行政督察区
77%
民国 1939 - 1950 西康省
77%
共和国 1950 - 1955 西康省
77%
民国 2010 - 台南市
76%
共和国 1950 - 1952 平原省
76%
民国 1947 - 1948 沈阳市
74%
民国 1979 - 高雄市
74%
民国 2010 - 新北市
74%
民国 2018 - 金门县
74%
共和国 1949 - 1954 沈阳市
74%
民国 2014 - 桃园市
73%
民国 2018 - 台东县
73%
民国 1912 - 1928 外蒙古
71%
民国 1913 - 1928 绥远特别区
71%
民国 1927 - 1930 武汉市
71%
民国 1928 - 1946 蒙古地方
71%
民国 1928 - 1949 绥远省
71%
民国 1947 - 1948 哈尔滨市
71%
民国 2010 - 台中市
71%
民国 2018 - 澎湖县
71%
共和国 1949 - 1954 绥远省
71%
共和国 1949 - 1954 武汉市
71%
共和国 1953 - 1954 哈尔滨市
71%
民国 1930, 1947 - 1949 广州市
69%
民国 1943 - 1949 西安市
69%
民国 2018 - 基隆市
69%
共和国 1949 - 1954 广州市
69%
共和国 1949 - 1954 西安市
69%
民国 1929 - 1949 青岛市
68%
民国 2018 - 嘉义市
68%
民国 2018 - 嘉义县
68%
共和国 1949 - 1954 鞍山市
68%
共和国 1953 - 1954 长春市
68%
民国 1945 - 1948 松江省
66%
民国 2018 - 花莲县
66%
民国 2018 - 屏东县
66%
共和国 1945 - 1954 松江省
66%
民国 2018 - 新竹市
63%
民国 2018 - 新竹县
63%
民国 1928 - 1930, 1930 - 1949 北平市
61%
民国 2018 - 南投县
61%
共和国 1949 - 1954 本溪市
61%
共和国 1949 - 1954 抚顺市
61%
共和国 1949 - 1954 辽东省
58%
民国 2018 - 云林县
56%
共和国 1945 - 1954 辽西省
56%
民国 2018 - 苗栗县
53%
民国 2018 - 宜兰县
53%
共和国 1950 - 1952 川西行署区
53%
民国 1912 - 1928 直隶省
52%
民国 2018 - 连江县
52%
民国 2018 - 彰化县
52%
共和国 1949 - 1950 旅大行署区
52%
共和国 1950 - 1952 川东行署区
52%
共和国 1950 - 1954 旅大市
52%
民国 1947 - 1949 嫩江省
50%
共和国 1950 - 1952 川北行署区
50%
共和国 1950 - 1952 川南行署区
50%
民国 1912 - 1929 奉天省
47%
共和国 1949 - 1952 苏北行署区
45%
共和国 1949 - 1952 苏南行署区
45%
共和国 1949 - 1952 皖北行署区
42%
共和国 1949 - 1952 皖南行署区
42%
民国 1930 - 1931, 1947 - 1949 汉口市
39%
民国 1945 - 1947 安东省
39%
民国 1945 - 1948 辽北省
39%
民国 1945 - 1948 合江省
35%
民国 1946 - 1948 兴安省
29%
共和国 1950 - 1956 昌都地区
29%
民国 1930 - 1945 威海卫行政区
21%
民国 1914 - 1928 京兆地方
19%
民国 1914 - 1935 川边特别区
19%
民国 1912 - 1914 顺天府
11%
民国 1912 - 1919 阿尔泰区域
11%
民国 1915 - 1920 呼伦贝尔特别区
11%
共和国 1948 - 1951 陕南行署区
10%
民国 1912 - 1913 塔尔巴哈台区域
8%
民国 1926 - 1927 淞沪商埠
8%
共和国 1949 - 1950 陕北行署区
8%
民国 1924 - 1932 东省特别区
6%
民国 1922 - 1929 胶澳商埠
5%
民国 1931 - 1949 琼崖特别行政区
2%
No matching quizzes found
Score Distribution
Percent of People with Each Score
Percentile by Number Answered
Your Score History
You have not taken this quiz since the last reset